LEADER 01077nam a2200241 i 4500 001 000000185880 003 CaOOAMICUS 005 20160926000000.0 008 160926s1999 it u000 u ita u 013 $a163914 020 $a88-7610-731-2 040 $aSeMil$bita 100 1 $aCantalamessa, Raniero,$c.$0(OLS)http://semarc/name/42 245 13$aIl mistero della trasfigurazione :$bquale immagine di Cristo per l'uomo del Duemila? /$cRaniero Cantalamessa. 260 $aMilano :$bÀncora,$cc1999. 300 $a141 p. ;$c19 cm. 650 4$aBibbia - NT - Vangeli - Trasfigurazione - Meditazioni.$0(OLS)http://semarc/subject/18671 850 $aSeMil 852 $aSeMil$W1$xVenegono$y1$m3F V 60$j136567$B136567$CSeMilBibl$Z2$F213642 $81 961 $aOmaggio: Brivio don Giancarlo 996 $6020$a88-7610-731-2$9(OLS)http://semarc/number/176095 996 $6245$aIl mistero della trasfigurazione :$bquale immagine di Cristo per l'uomo del Duemila?$9(OLS)http://semarc/title/267202 996 $6260$aMilano :$bÀncora$9(OLS)http://semarc/publisher/29763 LEADER 00785nam a2200205 i 4500 001 000000190858 003 CaOOAMICUS 005 20100708000000.0 008 100708s1920 it u000 u ita u 013 $a169332 040 $aSeMil$bita 100 1 $aMeda, Filippo,$d<1869-1939>.$0(OLS)http://semarc/name/53541 245 10$aStorie brevi /$cFilippo Meda Deputato al Parlamento. 260 $aMilano :$bVita e Pensiero,$c1920. 300 $aIII, 171 p. ;$c20 cm. 600 14$aMeda, Filippo <1869-1939>.$0(OLS)http://semarc/subject/22943 850 $aSeMil 852 $aSeMil$W1$xVenegono$y1$m3H I 199$j141472$B141472$CSeMilBibl$Z2$F153034 $81 996 $6245$aStorie brevi$9(OLS)http://semarc/title/275006 996 $6260$aMilano :$bVita e Pensiero$9(OLS)http://semarc/publisher/29642